000 00441nam a2200169 i 4500
001 bg
100 1 _aRODEN, Martin S.
245 0 _aSystemy telekomunikacyjne analogowe i cyfrowe /
_cMartin S. Roden.
260 _aWarszawa :
_bWNT,
_c1983.
650 9 _aTelekomunikacja
655 _aPodręczniki akademickie
040 _cBPK
041 _apol
080 _a621.391(075.8)
942 _cKS
008 s pl f |000 0 pol
999 _c22214
_d22214
856 _uhttp://koha.tu.koszalin.pl/cgi-bin/koha/opac-detail.pl?biblionumber=22214
_yKatalog online BPK